Strategy 2000 : (Record no. 4710)

MARC details
000 -LEADER
fixed length control field 00715pam a2200241 a 4500
001 - CONTROL NUMBER
control field 35086154
003 - CONTROL NUMBER IDENTIFIER
control field OCoLC
005 - DATE AND TIME OF LATEST TRANSACTION
control field 20181212182007.0
008 - FIXED-LENGTH DATA ELEMENTS--GENERAL INFORMATION
fixed length control field 960705s1996 miua b 001 0 eng
010 ## - LIBRARY OF CONGRESS CONTROL NUMBER
LC control number 96030480
020 ## - INTERNATIONAL STANDARD BOOK NUMBER
International Standard Book Number 0825431964 (p)
040 ## - CATALOGING SOURCE
Original cataloging agency DLC
Transcribing agency DLC
082 ## - DEWEY DECIMAL CLASSIFICATION NUMBER
Classification number 266
Item number M249S
092 ## - LOCALLY ASSIGNED DEWEY CALL NUMBER (OCLC)
Classification number 262.001
Item number M259S
100 1# - MAIN ENTRY--PERSONAL NAME
Personal name Malphurs, Aubrey
245 10 - TITLE STATEMENT
Title Strategy 2000 :
Remainder of title churches making disciples for the next millennium /
Statement of responsibility, etc. Aubrey Malphurs
246 3# - VARYING FORM OF TITLE
Title proper/short title Strategy two thousand
260 ## - PUBLICATION, DISTRIBUTION, ETC.
Place of publication, distribution, etc. Grand Rapids, MI :
Name of publisher, distributor, etc. Kregel Resources,
Date of publication, distribution, etc. c1996
300 ## - PHYSICAL DESCRIPTION
Extent 220 p. :
Other physical details ill. ;
Dimensions 22 cm
504 ## - BIBLIOGRAPHY, ETC. NOTE
Bibliography, etc. note Includes bibliographical references and index
650 #0 - SUBJECT ADDED ENTRY--TOPICAL TERM
Topical term or geographic name entry element Discipling (Christianity)
942 ## - ADDED ENTRY ELEMENTS (KOHA)
Source of classification or shelving scheme Dewey Decimal Classification
Koha item type Books
Holdings
Withdrawn status Lost status Source of classification or shelving scheme Damaged status Not for loan Collection code Home library Current library Shelving location Date acquired Cost, normal purchase price Total Checkouts Full call number Barcode Date last seen Price effective from Koha item type
    Dewey Decimal Classification     Non-fiction Harvest Mission College Harvest Mission College General Stacks 12.12.2018 260.00   266 M249S 005388 12.12.2018 12.12.2018 Books

OPAC Designed and Maintained by HMC Library Team.
Copyright © HMC Library,Greater Noida, UP.
For any Suggestions/Query Contact library via Email:libhmc@gmail.com